Normal view MARC view
  • DR,SHARMA, HARISHANKAR

Entry Personal Name

Number of records used in: 1

001 - CONTROL NUMBER

  • control field: 8446

003 - CONTROL NUMBER IDENTIFIER

  • control field: JRU

005 - DATE AND TIME OF LATEST TRANSACTION

  • control field: 20240705163142.0

008 - FIXED-LENGTH DATA ELEMENTS

  • fixed length control field: 240705|| aca||aabn | a|a d

040 ## - CATALOGING SOURCE

  • Original cataloging agency: JRU
  • Transcribing agency: JRU

100 ## - HEADING--PERSONAL NAME

  • Personal name: DR,SHARMA, HARISHANKAR

670 ## - SOURCE DATA FOUND

  • Source citation: Work cat.: (JRU)8556: DR,SHARMA, HARISHANKAR , PARYAVARAN ADDHYAYAN VIDYALAYEEN PATHYAKARAM [ KAKSHA 1-12]